Handbook on international exchange of publications : Herausgegeben im Auftrag der IFLA (Record no. 201297)

MARC details
000 -LEADER
fixed length control field 00675nam a2200205Ia 4500
008 - FIXED-LENGTH DATA ELEMENTS--GENERAL INFORMATION
fixed length control field 191130s2006##################000#0#eng##
020 ## - INTERNATIONAL STANDARD BOOK NUMBER
ISBN 3598117523
082 ## - DEWEY DECIMAL CLASSIFICATION NUMBER
Classification number 021.8 EKO
100 ## - MAIN ENTRY--AUTHOR NAME
Personal name Ekonen, Kirsti
245 ## - TITLE STATEMENT
Title Handbook on international exchange of publications : Herausgegeben im Auftrag der IFLA
Statement of responsibility, etc Hrsg. Kirsti Ekonen ; Hrsg. Päivi Paloposki ; Hrsg. Pentti Vattulainen
250 ## - EDITION STATEMENT
Edition statement 5th ed
260 ## - PUBLICATION, DISTRIBUTION, ETC. (IMPRINT)
Place of publication München ; New York
Name of publisher K.G. Saur
Year of publication 2006
300 ## - PHYSICAL DESCRIPTION
Number of Pages 158 p. : ill
650 ## - SUBJECT ADDED ENTRY--TOPICAL TERM
Topical Term Relationships with government
700 ## - ADDED ENTRY--PERSONAL NAME
Personal name Paloposki, Päivi
991 ## -
-- 138966
Holdings
Withdrawn status Lost status Damaged status Not for loan Home library Current library Shelving location Date acquired Full call number Accession Number Price effective from Koha item type
        Anna Centenary Library Anna Centenary Library 3RD FLOOR, A WING 13.10.2020 021.8 EKO 388221 13.10.2020 English Books

Find us on the map